Nfl starting running backs 2022-2023 (most snaps) - Statistics

General Stats
  • This quiz has been taken 318 times
  • The average score is 22 of 32
Answer Stats
Team Player % Correct
Vikings Dalvin Cook
92%
Titans Derrick Henry
89%
Bengals Joe Mixon
87%
Browns Nick Chubb
86%
Giants Saquan Barkley
85%
Steelers Najee Harris
83%
Colts Jonathan Taylor
81%
Cowboys Tony Pollard
81%
Packers Aaron Jones
80%
49ers Christian McCaffrey
80%
Dolphins Raheem Mostert
80%
Saints Alvin Kamara
79%
Raiders Josh Jacobs
79%
Chargers Austin Ekeler
76%
Lions Jamaal Williams
75%
Eagles Miles Sanders
74%
Bills Devin Singletary
73%
Seahawks Kenneth Walker
72%
Patriots Rhamondre Stevenson
72%
Bears David Montgomery
70%
Jaguars Travis Etienne Jr
69%
Cardinals James Conner
65%
Bucs Leonard Fournette
63%
Texans Dameon Pierce
62%
Rams Cam Akers
60%
Commanders Antonio Gibson
56%
Chiefs Jerick McKinnon
44%
Jets Michael Carter
42%
Panthers Donta Foreman
33%
Falcons Tyler Allgeier
33%
Broncos Latavius Murray
27%
Ravens Kenyan Drake
15%
No matching quizzes found
Score Distribution
Percent of People with Each Score
Percentile by Number Answered
Your Score History
You have not taken this quiz